| 000 | 00926nam a22002177a 4500 | ||
|---|---|---|---|
| 999 |
_c8974 _d8974 |
||
| 003 | AR-CdUCM | ||
| 008 | 190327b ||||| |||| 00| 0 spa d | ||
| 020 | _a84-7232-480-X | ||
| 040 |
_aMUNICIPALIDAD PROVINCIAL DEL CUSCO _cBIBLIOTECA MUNICIPAL DEL CUSCO |
||
| 082 |
_a082 / _bAL36 |
||
| 100 |
_aAlburquerque, Francisco _924888 |
||
| 245 | _aRaúl prebisch / | ||
| 260 |
_aMadrid : _bCultura Hispánica, _c1989. |
||
| 300 |
_a163 páginas ; _c24 cm. |
||
| 505 | _aCinco etapas en la evolución del pensamiento de Prebisch sobre el desarrollo económico -- Las dos primeras etapas: la interpretación del desarrollo latinoamericano en términos del sistemas centro periférico y la propuesta de industrialización de la periferia ... | ||
| 650 |
_aDesarrollo económico _91696 |
||
| 650 |
_aComercio internacional _94073 |
||
| 710 |
_aInstituto de cooperación iberoamericana _94266 |
||
| 942 |
_2ddc _cLIBROS |
||
| 945 | _aacv | ||